Vista normal
Vista MARC
Entrada Nombre personal
Número de registros utilizados en: 4
001 - NÚMERO DE CONTROL
- Campo de control: 13170
003 - IDENTIFICADOR DE NÚMERO DE CONTROL
- Campo de control: ES-MaCES
005 - FECHA Y HORA DE LA ULTIMA MODIFICACION
- Campo de control: 20160803110618.0
008 - ELEMENTOS DE DATOS DE LONGITUD FIJA
- Campo de longitud fija: 100628 | azznnaabn |n aaa d
035 ## - NÚMERO DE CONTROL DEL SISTEMA
- Número de control del sistema: CES20100007344n
040 ## - FUENTE DE LA CATALOGACIÓN
- Agencia original de catalogación: ES-MaCES
- Idioma de catalogación: spa
- Agencia de transcripción: ES-MaCES
100 1# - ENCABEZAMIENTO--NOMBRE DE PERSONA
- Nombre personal: Garzón, Alberto
400 ## - TRAZADO VEÁSE--NOMBRE DE PERSONA
- Nombre personal: Garzón Espinosa, Alberto
670 ## - FUENTE DE DATOS ENCONTRADOS
- Fuente de citación: wikipedia
- Información encontrada: Político, Alberto Carlos Garzón Espinosa, conocido como Alberto Garzón, es un político y economista español. Diputado nacional por Izquierda Unida
901 ## - CES. DATOS SIRTEX
- ID Sirtex (N5N8): 0001500021800
- 005BIS Sirtex: 201006281321ALORITE

